000 01804nam a22001577a 4500
999 _c526181
_d526181
008 240515b ||||| |||| 00| 0 eng d
100 _aBhalla, Bhupinder Singh
_952365
245 _aEnergy transition in India
260 _aYojana
300 _a67(11), Nov, 2023: p.53-56
520 _aIndia’s shift from conventional to renewable electricity generation represents a defining moment in its pursuit of sustainability. The nation’s commitment to cleaner energy sources is evident in its ambitious renewable energy targets, backed by progressive policies and incentives. The government’s unwavering approach has set the foundation for a greener energy landscape, fostering investment and technological advancements in the sector. This transition is crucial not only for reducing dependence on fossil fuels but also for mitigating environmental concerns. The emphasis on solar, wind, and hydroelectric power has accelerated India’s energy transformation, aligning with global sustainability goals. Moreover, the adoption of innovative policies has encouraged participation from both private and public sectors, ensuring long-term benefits for economic and environmental growth. However, challenges such as infrastructure development, efficient energy storage, and grid integration must be addressed to maintain momentum. Continued policy refinement and technological investment will be critical in overcoming these hurdles and solidifying India’s position as a leader in renewable energy. – Reproduced
650 _aIndia, Renewable Energy, Transition, Sustainability, Sustainable Development, Government, Policies, Incentives, Solar, Wind, Hydroelectric, Investment, Technology, Infrastructure, Grid, Innovation
_952366
773 _aYojana
906 _aENERGY
942 _cAR